[Event "EYCC Open U14 2021"]
[Site "Tornelo"]
[Date "2021.10.15"]
[Round "3.12"]
[White "Zlatkov, Anton"]
[Black "Zakharov, Alexey O."]
[Result "0-1"]
[WhiteElo "2154"]
[BlackElo "1962"]
[Annotator "NA"]
[PlyCount "76"]
[EventDate "2021.10.15"]
[EventType "swiss"]
[EventCountry "NET"]
[SourceTitle "playchess.com"]
[Source "ChessBase"]
[SourceQuality "1"]
[TimeControl "5400+30"]

1. e4 {[%emt 0:00:30]} c5 {[%emt 0:00:35]} 2. Nf3 {[%emt 0:00:06]} e6 {[%emt 0:00:05]} 3. c3 {[%emt 0:00:11]} Nf6 {[%emt 0:00:07]} 4. e5 {[%emt 0:00:11]} Nd5 {[%emt 0:00:07]} 5. d4 {[%emt 0:00:06]} cxd4 {[%emt 0:00:04]} 6. cxd4 {[%emt 0:00:10]} b6 {[%emt 0:00:07]} 7. Nc3 {[%emt 0:01:11]} Nxc3 {[%emt 0:00:07]} 8. bxc3 {[%emt 0:00:06]} Qc7 {[%emt 0:00:03]} 9. Bd2 {[%emt 0:01:41]} Bb7 {[%emt 0:00:10]} 10. Bd3 {[%emt 0:00:53]} d6 {[%emt 0:00:05]} 11. O-O {[%emt 0:01:12]} Nd7 {[%emt 0:00:10]} 12. Re1 {[%emt 0:01:45]} Be7 {[%emt 0:00:18]} 13. Rc1 {[%emt 0:07:23]} O-O {[%emt 0:00:53]} 14. Bf4 {[%emt 0:07:22]} Rac8 {[%emt 0:06:44]} 15. exd6 {[%emt 0:11:44]} Bxd6 {[%emt 0:00:12]} 16. Ne5 {[%emt 0:00:58]} Nxe5 {[%emt 0:04:48]} 17. dxe5 {[%emt 0:08:38]} Ba3 {[%emt 0:04:53]} 18. Rc2 {[%emt 0:05:15]} Rfd8 {[%emt 0:04:41]} 19. Re3 {[%emt 0:02:22]} Qc6 {[%emt 0:16:10]} 20. Rg3 {[%emt 0:02:00]} g6 {[%emt 0:02:26]} 21. Bg5 {[%emt 0:13:24]} Rd5 {[%emt 0:04:25]} 22. Qe2 {[%emt 0:03:35]} Qc7 {[%emt 0:08:40]} 23. Bf6 {[%emt 0:06:36]} Be7 {[%emt 0:01:10]} 24. Be4 {[%emt 0:01:39]} Ba6 {[%emt 0:06:37]} 25. Qf3 {[%emt 0:06:04]} Qxc3 {[%emt 0:10:38]} 26. Rxc3 {[%emt 0:03:56]} Rxc3 {[%emt 0:00:14]} 27. h4 {[%emt 0:00:38]} Rxf3 {[%emt 0:00:56]} 28. Rxf3 {[%emt 0:00:17]} Rd1+ {[%emt 0:01:09]} 29. Kh2 {[%emt 0:00:13]} Bc5 {[%emt 0:09:16]} 30. h5 {[%emt 0:07:19]} Rd2 {[%emt 0:01:25]} 31. hxg6 {[%emt 0:00:26]} fxg6 {[%emt 0:00:07]} 32. a4 {[%emt 0:00:33]} Rxf2 {[%emt 0:00:48]} 33. Rxf2 {[%emt 0:00:16]} Bxf2 {[%emt 0:00:04]} 34. Bc6 {[%emt 0:00:20]} Bc4 {[%emt 0:01:58]} 35. g4 {[%emt 0:01:09]} Kf7 {[%emt 0:00:54]} 36. Kg2 {[%emt 0:00:07]} Bd4 {[%emt 0:02:37]} 37. g5 {[%emt 0:00:07]} Bc5 {[%emt 0:00:37]} 38. Kg3 {[%emt 0:00:21]} a6 {[%emt 0:05:33]} 0-1

[Event "EYCC Open U14 2021"]
[Site "Tornelo"]
[Date "2021.10.15"]
[Round "4.1"]
[White "Khubukshanov, Erdem"]
[Black "Bakiev, Diyor"]
[Result "1-0"]
[WhiteElo "2373"]
[BlackElo "2074"]
[Annotator "TA"]
[PlyCount "95"]
[EventDate "2021.10.15"]
[EventType "swiss"]
[EventCountry "NET"]
[SourceTitle "playchess.com"]
[Source "ChessBase"]
[SourceQuality "1"]

{[%evp 9,95,7,12,-4,22,8,12,3,19,5,13,0,0,0,0,0,27,29,35,15,65,54,91,83,88,87,67,56,76,87,82,80,111,82,82,76,77,84,97,90,122,115,127,120,141,154,160,162,164,150,161,165,158,152,194,107,206,185,232,193,724,698,641,603,723,666,651,569,494,331,594,398,594,557,532,552,493,446,445,445,481,464,725,724,822,793,29983,29984]} 1. e4 c6 2. d4 d5 3. e5 Bf5 4. h4 h5 5. Bd3 Bxd3 6. Qxd3 {B12: Caro-Kann: Advance Variation.} Qa5+ 7. Nd2 {[%cal Bb1d2,Bd2b3,Bb3d4][%mdl 32]} e6 8. Ngf3 {The position is equal.} Nh6 9. O-O Nf5 10. Nb3 {The modern move.} Qa6 11. Qd1 Nd7 12. Bg5 c5 13. c3 Rc8 14. Re1 {[#]} cxd4 $146 ({Predecessor:} 14... c4 15. Nc1 b5 16. Ne2 b4 17. a4 bxa3 18. bxa3 Rb8 19. Qc2 g6 20. a4 Be7 21. Bxe7 Kxe7 {1-0 (48) Kollars,D (2586)-Triapishko,A (2506) Chess.com INT 2020}) 15. Nbxd4 Ne7 16. a4 Nc6 17. Nb5 Qb6 18. Be3 Qd8 19. Nxa7 Nxa7 20. Bxa7 Be7 21. g3 b6 22. a5 bxa5 23. Qa4 Bc5 24. Qxa5 Qxa5 25. Rxa5 O-O 26. Rea1 Bxa7 27. Rxa7 Nc5 28. Kf1 Ne4 29. Rb7 Ra8 30. Rxa8 Rxa8 $18 {[%mdl 4096] Endgame KRN-KRN} 31. Ke2 Ra1 32. Ke3 (32. Nd2 $18) 32... Rb1 (32... Rc1 $16 {was worth a try.}) 33. c4 g6 34. Rb5 dxc4 $2 {[#]} (34... Rd1 35. Ra5 Kg7) 35. Kxe4 {KRN-KR} c3 {Threatening ...c2.} 36. Kd3 cxb2 37. Nd2 Re1 38. Rxb2 Rxe5 39. Nf3 Ra5 {[#]} (39... Rd5+ {might work better.} 40. Ke3 Rd7) 40. Ng5 Rf5 (40... Rd5+ $142 41. Ke4 Rd7) 41. Ke3 Re5+ 42. Kf3 f6 43. Rb8+ Kg7 44. Rb7+ Kg8 45. Ne4 Rf5+ (45... Kf8 $142 46. Rh7 g5 47. hxg5 fxg5) 46. Kg2 Kf8 47. f4 e5 48. Nd6 {Weighted Error Value: White=0.19/Black=0.29} 1-0

[Event "EYCC Open U14 2021"]
[Site "Tornelo"]
[Date "2021.10.15"]
[Round "4.2"]
[White "Seemann, Jakub"]
[Black "Gasparyan, Erik R."]
[Result "1-0"]
[WhiteElo "2299"]
[BlackElo "1777"]
[Annotator "ChessBase"]
[PlyCount "51"]
[EventDate "2021.10.15"]
[EventType "swiss"]
[EventCountry "NET"]
[SourceTitle "playchess.com"]
[Source "ChessBase"]
[SourceQuality "1"]
[TimeControl "5400+30"]

1. d4 {[%emt 0:00:30]} d5 {[%emt 0:00:51]} 2. c4 {[%emt 0:00:09]} e6 {[%emt 0:00:13]} 3. Nf3 {[%emt 0:00:18]} Be7 {[%emt 0:00:37]} 4. g3 {[%emt 0:00:25]} Nf6 {[%emt 0:00:35]} 5. Bg2 {[%emt 0:00:08]} O-O {[%emt 0:00:20]} 6. O-O {[%emt 0:00:08]} b6 {[%emt 0:01:33]} 7. cxd5 {[%emt 0:00:53]} Nxd5 {[%emt 0:01:19]} 8. e4 {[%emt 0:02:50]} Nf6 {[%emt 0:00:10]} 9. Nc3 {[%emt 0:01:24]} Bb7 {[%emt 0:00:32]} 10. Qc2 {[%emt 0:02:55]} Na6 {[%emt 0:03:59]} 11. Rd1 {[%emt 0:03:36]} Qe8 {[%emt 0:02:01]} 12. a3 {[%emt 0:16:23]} c5 {[%emt 0:10:23]} 13. d5 {[%emt 0:00:26]} Rd8 {[%emt 0:00:15]} 14. Re1 {[%emt 0:27:47]} exd5 {[%emt 0:25:39]} 15. exd5 {[%emt 0:00:21]} Qd7 {[%emt 0:01:31]} 16. Ne5 {[%emt 0:01:02]} Qc8 {[%emt 0:00:07]} 17. Nc6 {[%emt 0:04:13]} Bxc6 {[%emt 0:00:05]} 18. dxc6 {[%emt 0:00:23]} Bd6 {[%emt 0:09:12]} 19. Bg5 {[%emt 0:00:36]} Rde8 {[%emt 0:03:52]} 20. Bxf6 {[%emt 0:02:45]} gxf6 {[%emt 0:00:04]} 21. Nd5 {[%emt 0:05:41]} Kg7 {[%emt 0:00:38]} 22. Ne3 {[%emt 0:03:07]} Be5 {[%emt 0:03:05]} 23. Rad1 {[%emt 0:03:49]} Kh8 {[%emt 0:05:01]} 24. Rd7 {[%emt 0:01:38]} Nb8 {[%emt 0:00:43]} 25. Qf5 {[%emt 0:02:08]} Nxc6 {[%emt 0:01:38]} 26. Be4 {[%emt 0:00:12]} 1-0

[Event "EYCC Open U14 2021"]
[Site "Tornelo"]
[Date "2021.10.15"]
[Round "4.3"]
[White "Gasanov, Vadim"]
[Black "Klimkowski, Jan"]
[Result "1-0"]
[WhiteElo "2027"]
[BlackElo "2366"]
[Annotator "TA"]
[PlyCount "125"]
[EventDate "2021.10.15"]
[EventType "swiss"]
[EventCountry "NET"]
[SourceTitle "playchess.com"]
[Source "ChessBase"]
[SourceQuality "1"]

{[%evp 24,125,18,0,0,0,0,0,0,2,12,14,23,7,30,41,32,42,139,78,83,0,0,-66,-66,-66,-66,-66,-66,-70,-8,-10,-10,-10,-6,-20,-6,-15,-11,-39,-9,-11,0,-43,-33,-35,154,154,113,138,144,160,146,156,147,104,193,201,229,179,164,34,152,67,213,124,122,119,122,120,112,120,274,118,116,0,25,24,32,8,8,8,370,370,370,356,356,356,353,331,331,0,12830,12823,5619,5163,29980,29981,29986,29987,29987,29988,29993,29994]} 1. e4 c5 2. Nf3 d6 3. d4 cxd4 4. Nxd4 Nf6 5. Nc3 a6 6. Bg5 e6 7. f4 Be7 8. Qf3 Qc7 9. O-O-O Nbd7 10. g4 b5 {[%cal Bb7b5,Bb5b4][%mdl 32]} 11. Bxf6 Nxf6 12. g5 Nd7 13. f5 O-O {seems to push 13...Nc5 aside. B99: Sicilian Najdorf: 6 Bg5 e6 7 f4 Be7 8 Qf3 Qc7 9 0-0-0 Nbd7.} 14. h4 (14. f6 gxf6 15. gxf6 Nxf6 $17) 14... b4 $1 {White must now prevent ...Ne5.} 15. Nce2 Bb7 $1 {The position is equal.} 16. Bg2 exf5 17. Nxf5 {[#]} Ne5 $146 ({Predecessor:} 17... Rfe8 18. Qg3 Rac8 19. Ned4 Bf8 20. h5 Bxe4 21. Bxe4 Rxe4 22. g6 Ne5 23. gxf7+ Kh8 {½-½ (52) De Homont,R (2359)-Janisch,M (2399) ICCF email 2016}) 18. Qg3 Rfe8 (18... g6 $5 {[%cal Rg6f5]} 19. Nxe7+ Qxe7 $11) 19. Ned4 Bf8 20. h5 g6 (20... a5 $14) 21. hxg6 (21. Ne3 $142) 21... fxg6 $16 22. Qb3+ (22. Ne3 $16) 22... Qf7 23. Ne3 (23. Qh3 $11) 23... Qxb3 $15 24. axb3 Nf7 25. Nd5 Bxd5 26. exd5 Re5 (26... Re3 $15) 27. Nc6 $1 $11 {[%cal Rc6e5]} Rxg5 28. Bh3 h5 29. Be6 Bh6 30. Kb1 {And now Rhf1 would win.} Kg7 31. Nxb4 Ne5 32. Nc6 Nf3 33. Nd4 (33. Rd3 $5 {[%cal Rd3f3]} Rf8 34. b4 $11) 33... Rf8 34. b4 Rg2 $2 (34... Rg3 $15 {stays ahead.}) 35. Bh3 $16 Nxd4 36. Bxg2 Nf5 37. Bh3 Ne3 38. Rd3 Rf2 39. Rc1 Bf4 (39... Nc4 $16) 40. c4 $1 $18 Be5 41. Rb3 (41. Rxe3 $6 Rxb2+ 42. Ka1 Rc2+ 43. Rxe5 (43. Kb1 Rb2+ 44. Ka1 Rc2+ 45. Rxe5 Rxc1+ 46. Kb2 Rxc4 $16) 43... Rxc1+ 44. Kb2 Rxc4) 41... g5 {With the idea ...g4.} 42. c5 (42. Rxe3 $18 Rxb2+ 43. Ka1 Rc2+ 44. Rxe5 $1 {[%mdl 512]} Rxc1+ 45. Kb2 Rxc4 46. Kb3 $1 (46. Rxg5+ Kh6 $18)) 42... dxc5 (42... g4 $14) 43. Rxc5 ({Stronger than} 43. Rxe3 Rxb2+ 44. Ka1 Bd4 $11) (43. d6 $1 $16 g4 44. bxc5 (44. Rxe3 Rxb2+ 45. Ka1 Bf6 $11) 44... gxh3 45. d7 (45. Rxe3 Rxb2+ 46. Ka1 Rc2+ 47. Rxe5 Rxc1+ 48. Kb2 h2 $11)) 43... Rf3 {[#]} ({Black should try} 43... Nf1 $14 44. Bxf1 Rxf1+ 45. Ka2 g4) 44. d6 $1 Bxd6 $16 45. Rxg5+ {[%mdl 64] Double Attack} Kh6 46. Ra5 Rxh3 47. Rxa6 Rh1+ 48. Ka2 Nf5 49. Rf3 (49. b5 $1 $16 {[%cal Rb5b6] Strongly threatening b6.} Rc1 50. b6) 49... Kg6 (49... Kg5 {is more complex.} 50. b5 h4 51. b6 Re1 52. b7 Re8) 50. b5 Rc1 {[#]} 51. Rxf5 $1 {[%mdl 64] Remove Defender} Kxf5 52. Rxd6 $14 {[%mdl 4096] Endgame Black should prevent b6. KR-KR} h4 $2 {[%mdl 8192]} (52... Rc7 $1 $11 {and Black has nothing to worry.}) 53. b6 $18 {Threatening mate with b7.} Rc8 54. Ka3 Rh8 55. Ka4 $1 h3 {[#]} 56. Rd1 $1 h2 57. Rh1 $2 ({White must play} 57. b7 $18 Rb8 58. Rh1) 57... Ke6 $2 {[%mdl 8192]} (57... Kg4 $11) 58. Kb5 Kd7 {[#]} 59. Ka6 $1 Kc6 60. b7 {White mates.} Rh4 61. Rc1+ Kd7 62. b8=Q Ra4+ 63. Kb5 {Weighted Error Value: White=0.25/Black=0.43} 1-0

[Event "EYCC Open U14 2021"]
[Site "Tornelo"]
[Date "2021.10.15"]
[Round "4.4"]
[White "Zakharov, Alexey O."]
[Black "Habans Aguerrea, Javier"]
[Result "1-0"]
[WhiteElo "1962"]
[BlackElo "2308"]
[Annotator "ChessBase"]
[PlyCount "93"]
[EventDate "2021.10.15"]
[EventType "swiss"]
[EventCountry "NET"]
[SourceTitle "playchess.com"]
[Source "ChessBase"]
[SourceQuality "1"]
[TimeControl "5400+30"]

1. e4 {[%emt 0:00:30]} c6 {[%emt 0:00:39]} 2. d4 {[%emt 0:00:09]} d5 {[%emt 0:00:05]} 3. exd5 {[%emt 0:00:13]} cxd5 {[%emt 0:00:07]} 4. Bd3 {[%emt 0:00:07]} Nc6 {[%emt 0:00:10]} 5. c3 {[%emt 0:00:05]} Qc7 {[%emt 0:00:06]} 6. Na3 {[%emt 0:00:06]} a6 {[%emt 0:01:31]} 7. Nc2 {[%emt 0:00:09]} Nf6 {[%emt 0:01:38]} 8. h3 {[%emt 0:00:08]} g6 {[%emt 0:05:27]} 9. Ne2 {[%emt 0:02:24]} Bf5 {[%emt 0:02:05]} 10. Bxf5 {[%emt 0:00:09]} gxf5 {[%emt 0:00:04]} 11. Bf4 {[%emt 0:03:22]} Qd7 {[%emt 0:00:47]} 12. O-O {[%emt 0:10:59]} e6 {[%emt 0:01:25]} 13. Qd2 {[%emt 0:05:12]} Bd6 {[%emt 0:08:01]} 14. Qe3 {[%emt 0:06:47]} Qc7 {[%emt 0:07:38]} 15. b4 {[%emt 0:07:02]} Bxf4 {[%emt 0:09:08]} 16. Nxf4 {[%emt 0:00:32]} O-O {[%emt 0:02:12]} 17. Qg3+ {[%emt 0:00:42]} Ng4 {[%emt 0:01:54]} 18. hxg4 {[%emt 0:00:09]} fxg4 {[%emt 0:00:05]} 19. Qxg4+ {[%emt 0:00:36]} Kh8 {[%emt 0:00:32]} 20. Qh4 {[%emt 0:01:43]} Qd8 {[%emt 0:01:12]} 21. Qxd8 {[%emt 0:00:22]} Rfxd8 {[%emt 0:00:06]} 22. Ne3 {[%emt 0:03:42]} Rac8 {[%emt 0:00:05]} 23. Rac1 {[%emt 0:01:21]} Rc7 {[%emt 0:00:03]} 24. Nd3 {[%emt 0:01:40]} b6 {[%emt 0:00:05]} 25. a4 {[%emt 0:03:07]} Rdc8 {[%emt 0:00:09]} 26. Ra1 {[%emt 0:04:50]} Ne7 {[%emt 0:00:07]} 27. Nd1 {[%emt 0:00:14]} Nf5 {[%emt 0:00:02]} 28. a5 {[%emt 0:01:16]} b5 {[%emt 0:00:03]} 29. Nc5 {[%emt 0:00:58]} Ra8 {[%emt 0:00:02]} 30. Ne3 {[%emt 0:00:23]} Nd6 {[%emt 0:00:09]} 31. f3 {[%emt 0:00:43]} Kg7 {[%emt 0:01:22]} 32. Kf2 {[%emt 0:02:13]} Kg6 {[%emt 0:00:39]} 33. g4 {[%emt 0:00:26]} h6 {[%emt 0:00:26]} 34. Ke2 {[%emt 0:00:22]} Kg5 {[%emt 0:00:07]} 35. Rh1 {[%emt 0:00:18]} Kg6 {[%emt 0:00:04]} 36. Kd2 {[%emt 0:00:38]} Re7 {[%emt 0:00:20]} 37. f4 {[%emt 0:00:50]} Kg7 {[%emt 0:00:07]} 38. f5 {[%emt 0:01:39]} exf5 {[%emt 0:00:30]} 39. gxf5 {[%emt 0:00:39]} Kh7 {[%emt 0:00:07]} 40. f6 {[%emt 0:01:33]} Ree8 {[%emt 0:00:05]} 41. Kd3 {[%emt 0:01:09]} Rg8 {[%emt 0:00:06]} 42. Rag1 {[%emt 0:00:39]} Rg6 {[%emt 0:00:10]} 43. Rxg6 {[%emt 0:00:55]} fxg6 {[%emt 0:00:03]} 44. Ng4 {[%emt 0:02:17]} h5 {[%emt 0:00:39]} 45. Ne5 {[%emt 0:00:08]} Rf8 {[%emt 0:00:08]} 46. Ncd7 {[%emt 0:01:28]} Rd8 {[%emt 0:00:07]} 47. Rf1 {[%emt 0:00:36]} 1-0

[Event "EYCC Open U14 2021"]
[Site "Tornelo"]
[Date "2021.10.15"]
[Round "4.5"]
[White "Shinkarov, Artem"]
[Black "Vergara Anton, Diego"]
[Result "1/2-1/2"]
[WhiteElo "1894"]
[BlackElo "2258"]
[Annotator "ChessBase"]
[PlyCount "83"]
[EventDate "2021.10.15"]
[EventType "swiss"]
[EventCountry "NET"]
[SourceTitle "playchess.com"]
[Source "ChessBase"]
[SourceQuality "1"]
[TimeControl "5400+30"]

1. d4 {[%emt 0:00:30]} d5 {[%emt 0:00:49]} 2. c4 {[%emt 0:00:12]} e6 {[%emt 0:00:08]} 3. Nc3 {[%emt 0:00:05]} Nf6 {[%emt 0:00:10]} 4. cxd5 {[%emt 0:00:04]} exd5 {[%emt 0:00:27]} 5. Bg5 {[%emt 0:00:04]} Be7 {[%emt 0:00:31]} 6. e3 {[%emt 0:00:04]} c6 {[%emt 0:00:18]} 7. Bd3 {[%emt 0:00:10]} Nbd7 {[%emt 0:00:15]} 8. Nge2 {[%emt 0:00:07]} O-O {[%emt 0:02:04]} 9. Ng3 {[%emt 0:00:16]} Nb6 {[%emt 0:15:08]} 10. h4 {[%emt 0:03:16]} Be6 {[%emt 0:08:15]} 11. Qc2 {[%emt 0:15:37]} h6 {[%emt 0:03:28]} 12. Nce2 {[%emt 0:05:17]} Rc8 {[%emt 0:09:31]} 13. Nf5 {[%emt 0:13:59]} Bxf5 {[%emt 0:03:39]} 14. Bxf5 {[%emt 0:00:29]} Nfd7 {[%emt 0:03:18]} 15. Bxe7 {[%emt 0:05:38]} Qxe7 {[%emt 0:00:51]} 16. Nc3 {[%emt 0:01:06]} Nc4 {[%emt 0:04:22]} 17. Bd3 {[%emt 0:05:53]} Nd6 {[%emt 0:01:07]} 18. g3 {[%emt 0:00:58]} Nf6 {[%emt 0:03:23]} 19. Na4 {[%emt 0:06:16]} Rfe8 {[%emt 0:05:08]} 20. Kf1 {[%emt 0:00:45]} Ng4 {[%emt 0:10:10]} 21. Kg2 {[%emt 0:05:12]} Ne4 {[%emt 0:04:39]} 22. Bxe4 {[%emt 0:00:24]} dxe4 {[%emt 0:00:47]} 23. h5 {[%emt 0:00:45]} Qg5 {[%emt 0:01:52]} 24. Qe2 {[%emt 0:01:55]} Rcd8 {[%emt 0:01:02]} 25. Rh4 {[%emt 0:00:37]} Nf6 {[%emt 0:00:22]} 26. Rc1 {[%emt 0:00:51]} Rd5 {[%emt 0:01:07]} 27. Rc5 {[%emt 0:05:07]} Rxc5 {[%emt 0:01:01]} 28. Nxc5 {[%emt 0:00:08]} Re7 {[%emt 0:00:41]} 29. a3 {[%emt 0:06:33]} Qf5 {[%emt 0:01:41]} 30. Na4 {[%emt 0:03:12]} b5 {[%emt 0:04:53]} 31. Nc3 {[%emt 0:01:47]} a5 {[%emt 0:00:43]} 32. Rf4 {[%emt 0:04:03]} Qd7 {[%emt 0:02:30]} 33. Qc2 {[%emt 0:01:34]} Qe6 {[%emt 0:02:03]} 34. Rh4 {[%emt 0:00:49]} Qf5 {[%emt 0:03:44]} 35. Qe2 {[%emt 0:00:36]} b4 {[%emt 0:01:05]} 36. axb4 {[%emt 0:00:23]} axb4 {[%emt 0:00:07]} 37. Na4 {[%emt 0:00:06]} Ra7 {[%emt 0:01:06]} 38. b3 {[%emt 0:00:35]} Nd7 {[%emt 0:02:18]} 39. Qc2 {[%emt 0:01:01]} Nf6 {[%emt 0:01:38]} 40. Qe2 {[%emt 0:01:26]} Nd7 {[%emt 0:00:13]} 41. Qc2 {[%emt 0:00:10]} Nf6 {[%emt 0:00:15]} 42. Qe2 {[%emt 0:00:04]} 1/2-1/2

[Event "EYCC Open U14 2021"]
[Site "Tornelo"]
[Date "2021.10.15"]
[Round "4.6"]
[White "Palczert, Matyas"]
[Black "Ince, Taylan Ruzgar"]
[Result "1-0"]
[WhiteElo "2204"]
[BlackElo "2124"]
[Annotator "ChessBase"]
[PlyCount "77"]
[EventDate "2021.10.15"]
[EventType "swiss"]
[EventCountry "NET"]
[SourceTitle "playchess.com"]
[Source "ChessBase"]
[SourceQuality "1"]
[TimeControl "5400+30"]

1. e4 {[%emt 0:00:30]} c5 {[%emt 0:01:00]} 2. Nf3 {[%emt 0:00:20]} e6 {[%emt 0:00:07]} 3. g3 {[%emt 0:01:06]} Nc6 {[%emt 0:00:46]} 4. Bg2 {[%emt 0:00:36]} Nf6 {[%emt 0:00:42]} 5. Nc3 {[%emt 0:00:24]} d5 {[%emt 0:02:57]} 6. exd5 {[%emt 0:00:29]} Nxd5 {[%emt 0:00:35]} 7. Nxd5 {[%emt 0:00:53]} Qxd5 {[%emt 0:08:25]} 8. O-O {[%emt 0:00:37]} Be7 {[%emt 0:01:20]} 9. d3 {[%emt 0:01:54]} O-O {[%emt 0:12:03]} 10. Be3 {[%emt 0:02:00]} Qh5 {[%emt 0:02:19]} 11. d4 {[%emt 0:11:35]} Rd8 {[%emt 0:05:23]} 12. Ne5 {[%emt 0:03:33]} Qxd1 {[%emt 0:01:59]} 13. Raxd1 {[%emt 0:00:16]} Nxe5 {[%emt 0:08:42]} 14. dxe5 {[%emt 0:00:10]} Bd7 {[%emt 0:01:51]} 15. b3 {[%emt 0:10:18]} Rab8 {[%emt 0:02:58]} 16. f4 {[%emt 0:02:07]} b6 {[%emt 0:02:17]} 17. Be4 {[%emt 0:02:14]} g6 {[%emt 0:01:37]} 18. c4 {[%emt 0:09:21]} Kf8 {[%emt 0:04:19]} 19. g4 {[%emt 0:02:23]} Rbc8 {[%emt 0:02:05]} 20. f5 {[%emt 0:04:28]} Ke8 {[%emt 0:08:43]} 21. f6 {[%emt 0:11:01]} Bf8 {[%emt 0:00:08]} 22. g5 {[%emt 0:01:02]} Bc6 {[%emt 0:01:14]} 23. Bxc6+ {[%emt 0:00:50]} Rxc6 {[%emt 0:00:05]} 24. Rxd8+ {[%emt 0:00:26]} Kxd8 {[%emt 0:00:04]} 25. Rf3 {[%emt 0:00:38]} Rc7 {[%emt 0:09:33]} 26. Kf1 {[%emt 0:01:25]} Rd7 {[%emt 0:09:24]} 27. Ke2 {[%emt 0:00:43]} b5 {[%emt 0:01:35]} 28. Rh3 {[%emt 0:01:27]} b4 {[%emt 0:04:45]} 29. Rxh7 {[%emt 0:00:45]} Ke8 {[%emt 0:00:52]} 30. Rh8 {[%emt 0:00:48]} Rc7 {[%emt 0:00:05]} 31. h4 {[%emt 0:01:17]} Rc8 {[%emt 0:00:06]} 32. h5 {[%emt 0:01:39]} gxh5 {[%emt 0:00:21]} 33. Rxh5 {[%emt 0:00:17]} a5 {[%emt 0:00:37]} 34. Rh8 {[%emt 0:01:22]} Kd7 {[%emt 0:02:18]} 35. Kf3 {[%emt 0:01:26]} Rd8 {[%emt 0:02:24]} 36. Kg4 {[%emt 0:02:17]} Rc8 {[%emt 0:01:59]} 37. Kh5 {[%emt 0:01:47]} Ke8 {[%emt 0:01:07]} 38. g6 {[%emt 0:00:54]} fxg6+ {[%emt 0:00:14]} 39. Kxg6 {[%emt 0:00:17]} 1-0

[Event "EYCC Open U14 2021"]
[Site "Tornelo"]
[Date "2021.10.15"]
[Round "4.7"]
[White "Taspinar, Yanki"]
[Black "Andreev, Konstantin"]
[Result "1/2-1/2"]
[WhiteElo "2147"]
[BlackElo "2238"]
[Annotator "ChessBase"]
[PlyCount "116"]
[EventDate "2021.10.15"]
[EventType "swiss"]
[EventCountry "NET"]
[SourceTitle "playchess.com"]
[Source "ChessBase"]
[SourceQuality "1"]
[TimeControl "5400+30"]

1. d4 {[%emt 0:00:30]} d5 {[%emt 0:00:39]} 2. c4 {[%emt 0:00:08]} dxc4 {[%emt 0:00:07]} 3. Nf3 {[%emt 0:00:14]} Nf6 {[%emt 0:00:11]} 4. e3 {[%emt 0:00:11]} e6 {[%emt 0:00:06]} 5. Bxc4 {[%emt 0:00:11]} a6 {[%emt 0:00:08]} 6. a4 {[%emt 0:00:43]} c5 {[%emt 0:00:08]} 7. O-O {[%emt 0:00:10]} Nc6 {[%emt 0:00:08]} 8. Nc3 {[%emt 0:00:27]} Be7 {[%emt 0:00:08]} 9. Qe2 {[%emt 0:02:57]} cxd4 {[%emt 0:01:05]} 10. Rd1 {[%emt 0:00:14]} e5 {[%emt 0:06:45]} 11. exd4 {[%emt 0:00:30]} exd4 {[%emt 0:02:47]} 12. Nxd4 {[%emt 0:18:16]} Nxd4 {[%emt 0:00:11]} 13. Qe5 {[%emt 0:03:25]} Qd6 {[%emt 0:13:18]} 14. Qxd4 {[%emt 0:02:06]} Qxd4 {[%emt 0:02:01]} 15. Rxd4 {[%emt 0:00:12]} Be6 {[%emt 0:05:41]} 16. Bxe6 {[%emt 0:01:34]} fxe6 {[%emt 0:00:16]} 17. Be3 {[%emt 0:05:13]} Kf7 {[%emt 0:01:50]} 18. Rad1 {[%emt 0:04:32]} Rhd8 {[%emt 0:02:25]} 19. Kf1 {[%emt 0:01:19]} e5 {[%emt 0:01:43]} 20. Rxd8 {[%emt 0:02:55]} Bxd8 {[%emt 0:01:52]} 21. Ke2 {[%emt 0:01:03]} Ke6 {[%emt 0:00:19]} 22. f3 {[%emt 0:02:04]} Be7 {[%emt 0:06:24]} 23. Ne4 {[%emt 0:12:43]} Nd5 {[%emt 0:07:25]} 24. Rc1 {[%emt 0:01:38]} Rd8 {[%emt 0:01:06]} 25. g3 {[%emt 0:04:00]} h6 {[%emt 0:04:16]} 26. Bd2 {[%emt 0:03:11]} Rg8 {[%emt 0:06:25]} 27. h4 {[%emt 0:02:01]} Rd8 {[%emt 0:02:23]} 28. Ba5 {[%emt 0:01:25]} Rf8 {[%emt 0:03:47]} 29. Bd2 {[%emt 0:01:45]} Rd8 {[%emt 0:00:08]} 30. Rc2 {[%emt 0:04:24]} Rf8 {[%emt 0:01:56]} 31. b3 {[%emt 0:01:06]} Rd8 {[%emt 0:00:56]} 32. Rc4 {[%emt 0:00:38]} Nb6 {[%emt 0:06:00]} 33. Rc7 {[%emt 0:00:40]} Rd7 {[%emt 0:00:09]} 34. Rc2 {[%emt 0:00:32]} Nd5 {[%emt 0:04:34]} 35. Rc8 {[%emt 0:01:56]} Nf6 {[%emt 0:00:45]} 36. Bc3 {[%emt 0:00:57]} Nxe4 {[%emt 0:01:12]} 37. fxe4 {[%emt 0:00:15]} h5 {[%emt 0:01:30]} 38. b4 {[%emt 0:06:59]} g6 {[%emt 0:03:38]} 39. Rg8 {[%emt 0:07:59]} Kf7 {[%emt 0:00:31]} 40. Rb8 {[%emt 0:00:33]} Bd6 {[%emt 0:00:13]} 41. Ra8 {[%emt 0:00:27]} Rc7 {[%emt 0:00:51]} 42. Kd3 {[%emt 0:00:10]} Ke6 {[%emt 0:00:39]} 43. Rg8 {[%emt 0:01:09]} Kf7 {[%emt 0:00:16]} 44. Rh8 {[%emt 0:00:36]} Ke6 {[%emt 0:00:15]} 45. Ra8 {[%emt 0:01:27]} Kf7 {[%emt 0:00:34]} 46. Bd2 {[%emt 0:01:47]} Ke6 {[%emt 0:00:27]} 47. Rg8 {[%emt 0:00:44]} Kf7 {[%emt 0:00:14]} 48. Rh8 {[%emt 0:00:18]} Ke6 {[%emt 0:00:15]} 49. Ra8 {[%emt 0:00:15]} Rf7 {[%emt 0:00:16]} 50. Ke2 {[%emt 0:01:17]} Rc7 {[%emt 0:00:26]} 51. Kd3 {[%emt 0:00:52]} Rf7 {[%emt 0:00:07]} 52. Ke2 {[%emt 0:00:06]} Rc7 {[%emt 0:00:08]} 53. Rg8 {[%emt 0:01:23]} Kf7 {[%emt 0:00:26]} 54. Rd8 {[%emt 0:00:29]} Ke6 {[%emt 0:00:13]} 55. Kd3 {[%emt 0:00:47]} Rf7 {[%emt 0:00:26]} 56. Ke2 {[%emt 0:00:32]} Rc7 {[%emt 0:00:43]} 57. Kd3 {[%emt 0:00:39]} Rf7 {[%emt 0:00:07]} 58. Ke2 {[%emt 0:00:37]} Rc7 {[%emt 0:00:08]} 1/2-1/2